00546cam a22002171 4500001001300000003000400013005001700017008004100034010001700075035002000092040001800112042001200130050001600142110005500158245003100213260001200244300001900256500001500275650002100290999001700311sa 66001715 DLC20260227112224.0881028q19601966xx 000 0 beno  asa 66001715  a(OCoLC)23575108 aDLCcMiUdDLC apremarc00aPK1704b.E21 aEast Pakistan.bBureau of National Reconstruction.10aMusalima sāhitya sebaka. c[196-?] a298 p.c22 cm. aRomanized. 0aAuthors, Bengali c67940d67940